Statistiques concernant Les chiffres de 40 à 0 en 15 secondes

Cliquez ici pour prendre le quiz!

Statistiques générales

  • Ce quiz a été pris 6 837 fois
  • Le résultat moyen est 19 sur 41

Statistiques - réponses

HintRéponse% Correct
44
94%
33
92%
22
87%
99
85%
00
78%
11
74%
55
64%
66
61%
77
61%
88
60%
1010
52%
1212
52%
1111
51%
1313
49%
1414
48%
1515
48%
1616
46%
1717
46%
1818
44%
1919
42%
2020
39%
2121
39%
3131
37%
3232
36%
3434
36%
2222
35%
3030
35%
2323
33%
3737
33%
3838
33%
3535
32%
3636
32%
2424
31%
3333
31%
2525
30%
2626
28%
2727
27%
2828
26%
2929
24%
4040
15%
3939
13%

Distribution des résultats

Percentile par nombre de réponses

% des personnes avec chaque résultat

Votre développement - résultats

Vous n’avez pas pris ce quiz